000 00919nam a22003017a 4500
001 BR2013002132
003 BR-BrBNA
005 20230928104147.0
007 ta
008 230509b bl.||||| |||| 00| 0 por d
040 _aBR-BrBNA
_bpor
_cBiblioteca Nacional de Agricultura
041 _a(Por)
072 _aL02
_b5214
090 _ 5214 BR2013002132
100 1 _aLopes, N.M.
110 1 _aUniversidade Federal de Lavras, MG (Brasil)
_0Tese (Mestrado)
245 1 _aSuplementação de vacas leiteiras com farinha de algas (Lithothamnium calcareum)
260 3 _aLavras, MG (Brasil):
_c2012.
300 _a65 p.
500 _aSummaries (Eng, Por); Bibliography p. 58-65; 5 illus.; 9 tables
650 _aVACA LEITEIRA
650 _aALGA MARINHA
650 _aFARINHA
650 _aSUPLEMENTO ALIMENTAR
650 _aCOMPOSIÇÃO DE ALIMENTO
909 _a202309
_bLucia
_c55
_dLucia Elande
942 _cBK
999 _c78437
_d78437